000 00340nam a2200157Ia 4500
100 _aSay/M.G
650 _aCarpentery
942 _cBK
654 _aAlternating Current Machine
245 _aAlternating Current Machine
260 _bPitman
_aLondon
_c1983
082 _a621.3
_bSay
300 _a632
546 _aENGLISH
999 _c24506
_d24506